00843cam a22002297a 4500003000500000005001700005008004100022010001000063011001000073035001000083040000900093100003800102245009100140260004100231300004000272502009600312530003600408650003500444650003800479650003300517856006300550CHAP20220329142821.0040416s2004 mx a r 00010 spa d a88219 a89191 a99742 cCHAP00aMontoya Méndez, José Antonio.10aLos incendios forestales en el estado de Chiapasc/por José Antonio Montoya Méndez aChapingo, Méx. :bEl autor,c2004. a85 h. :bgráfs.; mapas.; cuadros. aTesis ( Ing. Agr. Esp. en Bosques) -- UACH. Departamento de Division de Ciencias Forestales aTambién disponible en línea14aÁrbolesxDanos por el fuego.14aBosquesxIncendiosxPrevención.14aBosquesxIncendioszChiapas. 3Finding aiduhttp://10.13.5.2/tesis/99742.pdfzTeclea aqui